Т. 3; Полное собрание сочинений; Жорж Данден, или одураченный муж; Скупой; Господин де Пурсоньяк; Блистательные любовники; Мещанин во дворянстве; Психея; Плутни Скапена; Графиня Д'Эскарбаньяс; Ученые женщины; Мнимый больной; Стихотворения; Брак поневоле; Мещанин во дворянстве; Ревность Барбулье; Летающий доктор

Dades bibliogràfiques
Parent link:Полное собрание сочинений: в 3 т./ Мольер; пер. под ред. Н. М. Любимова ; худож. М. А. Аникст ; комментарии Г. Н. Бояджиева. Т. 3.— , 1985-
Altres autors: Бояджиев Г. Н. (автор предисловия)
Idioma:rus
Publicat: 1987
TOC:Жорж Данден, или одураченный муж;
Скупой;
Господин де Пурсоньяк;
Блистательные любовники;
Мещанин во дворянстве;
Психея;
Плутни Скапена;
Графиня Д'Эскарбаньяс;
Ученые женщины;
Мнимый больной;
Стихотворения;
Брак поневоле;
Мещанин во дворянстве;
Ревность Барбулье;
Летающий доктор;
Matèries:
Format: Llibre
KOHA link:https://koha.lib.tpu.ru/cgi-bin/koha/opac-detail.pl?biblionumber=161195

MARC

LEADER 00000nam2a2200000 4500
001 161195
005 20231031155831.0
035 |a (RuTPU)RU\TPU\book\174807 
035 |a RU\TPU\book\123083 
090 |a 161195 
100 |a 20090604g1987 m y0rusy50 ca 
101 1 |a rus  |c fre 
102 |a RU 
105 |a a z 001ay 
200 0 |a Т. 3 
210 |d 1987 
215 |a 717 с.  |c ил. 
320 |a Комментарии: с. 687-705 
320 |a Хронология жизни и творчества Мольера: с. 706-713 
320 |a Список иллюстраций: с. 714 
320 |a Алфавитный указатель произведений Мольера: с. 715 
461 1 |0 (RuTPU)RU\TPU\book\174795  |t Полное собрание сочинений  |o в 3 т.  |o пер. с фр.  |f Мольер  |g пер. под ред. Н. М. Любимова ; худож. М. А. Аникст ; комментарии Г. Н. Бояджиева  |v Т. 3  |d 1985- 
464 |t Жорж Данден, или одураченный муж 
464 |t Скупой 
464 |t Господин де Пурсоньяк 
464 |t Блистательные любовники 
464 |t Мещанин во дворянстве 
464 |t Психея 
464 |t Плутни Скапена 
464 |t Графиня Д'Эскарбаньяс 
464 |t Ученые женщины 
464 |t Мнимый больной 
464 |t Стихотворения 
464 |t Брак поневоле  |o балет 
464 |t Мещанин во дворянстве  |o балет народов 
464 |t Ревность Барбулье 
464 |t Летающий доктор 
610 1 |a французская литература 
610 1 |a драма 
675 |a 84  |v 3 
702 1 |a Бояджиев  |b Г. Н.  |4 080 
801 1 |a RU  |b 63413507  |c 20070417  |g PSBO 
801 2 |a RU  |b 63413507  |c 20161221  |g PSBO 
942 |c BK